000 00439nam a2200145 i 4500
001 bg
100 1 _aBOGACZ, Julian
245 0 _aRolnictwo w Austrii :
_bwpływ postępu technicznego na rozwój produkcji i zmiany społeczno-ekonomiczne po drugiej wojnie światowej /
_cJulian Bogdacz.
260 _aWarszawa,
_c1971.
040 _cBPK
041 _apol
080 _a63(436)
942 _cKS
008 s pl f |000 0 pol
999 _c26664
_d26664
856 _uhttp://koha.tu.koszalin.pl/cgi-bin/koha/opac-detail.pl?biblionumber=26664
_yKatalog online BPK